| 000 | 00421nam a2200181Ia 4500 | ||
|---|---|---|---|
| 001 | 14393 | ||
| 005 | 20260306164911.0 | ||
| 008 | 260306t1988||||xx |||||||||||||| ||spa|| | ||
| 041 | _aESP | ||
| 082 |
_a512.5 _bS21 |
||
| 100 |
_aSanz, Paloma _eAUT |
||
| 245 | 0 | _aProblemas de álgebra lineal | |
| 260 | _c1988 | ||
| 300 |
_ax, 560 páginas : _c27 cm. |
||
| 650 | _aGEN | ||
| 654 | _aCMA | ||
| 942 |
_cLIB _dJUS _fJUS _2ddc _n |
||
| 999 |
_c14393 _d14393 |
||